000
00335nam a2200133 a 4500
005
20140513081057.0
008
080110s19uu xx 00 eng d
050
_a
VCD
_b
L438 2006
245
_a
Learning about letters/.
260
_b
Sesame Street,
_c
2006.
440
_a
Sesame Street
650
_a
Letters- alphabet.
999
_c
116615
_d
116615